Interesting cities and villages of Switzerland - Statistics

General Stats
  • This quiz has been taken 57 times
  • The average score is 13 of 20
Answer Stats
Hint Answer % Correct
Headquarters of FIFA Zürich
100%
Albert Einstein's place of residence from 1903 to 1905 Bern
94%
Headquarters of the International Olympic Committee Lausanne
92%
Host of the second biggest military tattoo Basel
90%
Headquarters of watch manufacturer Rolex Geneva
88%
Home of a beautiful Lion Monument Lucerne
88%
Host of the Winter Olympics 1928 and 1948 St. Moritz
80%
Village at the base of the Matterhorn Zermatt
76%
Host of the World Economic Forum Davos
74%
Host of a big annual Jazz Festival Montreux
72%
Home of a bilingual university, offering full curricula in French and German Fribourg/Freiburg
58%
Gave its name to the most exported type of Swiss cheese (Hint: it's not Emmental) Gruyères
58%
Bid for hosting the 2006 Winter Olympics, but unexpectedly lost to Turin Sion
58%
Hosted the first ever Eurovision Song Contest in 1956 Lugano
54%
Host of the Lauberhorn ski races Wengen
52%
Headquarters of Nestle Vevey
46%
Where, according to legend, William Tell shot the apple from his son's head Altdorf
40%
Birth place of Louis Chevrolet La Chaux-de-Fonds
38%
Host of an ATP 250 tennis tournament on clay Gstaad
36%
Setting of the story Heidi Maienfeld
26%
No matching quizzes found
Score Distribution
Percent of People with Each Score
Percentile by Number Answered
Your Score History
You have not taken this quiz